LIBRARY & INFORMATION CENTRE, KCAET, TAVANUR

ONLINE PUBLIC ACCESS CATALOGUE (OPAC)

Laser fundamentals / (Record no. 13952)

MARC details
000 -LEADER
fixed length control field 00500cam a22001814a 4500
003 - CONTROL NUMBER IDENTIFIER
control field OSt
008 - FIXED-LENGTH DATA ELEMENTS--GENERAL INFORMATION
fixed length control field 241231b |||||||| |||| 00| 0 eng d
020 ## - INTERNATIONAL STANDARD BOOK NUMBER
ISBN 0521833450
020 ## - INTERNATIONAL STANDARD BOOK NUMBER
ISBN 9780521541053 (pbk.)
082 00 - DEWEY DECIMAL CLASSIFICATION NUMBER
Classification number 621.366
Item number SIL/LA
100 1# - MAIN ENTRY--AUTHOR NAME
Personal name Silfvast, William Thomas,
245 10 - TITLE STATEMENT
Title Laser fundamentals /
250 ## - EDITION STATEMENT
Edition statement 2nd ed. Indian
260 ## - PUBLICATION, DISTRIBUTION, ETC. (IMPRINT)
Place of publication Cambridge ;
-- New York :
Name of publisher Cambridge University Press,
Year of publication 2012.
300 ## - PHYSICAL DESCRIPTION
Number of Pages xxiv, 642 p. :
Other physical details ill. ;
650 #0 - SUBJECT ADDED ENTRY--TOPICAL TERM
Topical Term Lasers.
942 ## - ADDED ENTRY ELEMENTS (KOHA)
Koha item type Books
Holdings
Withdrawn status Lost status Damaged status Collection code Home library Current library Shelving location Date acquired Source of acquisition Cost, normal purchase price Full call number Accession Number Koha item type
      Non-fiction KAUAET KAUAET General Stacks 30/03/2013 Calicut Book Distributors 695.00 621.366 SIL/LA 23740 Books
free website counter